Maximalism (Record no. 4871)

MARC details
000 -CABECERA
campo de control de longitud fija 01263nam a22002658i 4500
001 - NÚMERO DE CONTROL
campo de control 991027022401107026
003 - IDENTIFICADOR DEL NÚMERO DE CONTROL
campo de control UkOxU
007 - CAMPO FIJO DE DESCRIPCIÓN FÍSICA--INFORMACIÓN GENERAL
campo de control de longitud fija t|
008 - DATOS DE LONGITUD FIJA--INFORMACIÓN GENERAL
campo de control de longitud fija 240109s2024 enka 000|0|eng|d
020 ## - NÚMERO INTERNACIONAL ESTÁNDAR DEL LIBRO
Número Internacional Estándar del Libro 9781838612238
Información calificativa hardback
Condiciones de disponibilidad Đ18.99
024 8# - IDENTIFICADOR DE OTROS ESTÁNDARES
Número estándar o código CIPO000055807
035 ## - NÚMERO DE CONTROL DEL SISTEMA
Número de control de sistema ()9781838612238
035 ## - NÚMERO DE CONTROL DEL SISTEMA
Número de control de sistema (StEdALDL)1/4420265
040 ## - FUENTE DE LA CATALOGACIÓN
Centro catalogador/agencia de origen StDuBDS
Lengua de catalogación eng
Centro/agencia transcriptor StDuBDS
Normas de descripción rda
Centro/agencia modificador UkOxU
041 ## - CÓDIGO DE LENGUA
Código de lengua del texto/banda sonora o título independiente English
100 ## - ENTRADA PRINCIPAL--NOMBRE DE PERSONA
Nombre de persona Bateman, Kristen
Término indicativo de función/relación author.
9 (RLIN) 24115
245 10 - MENCIÓN DE TÍTULO
Título Maximalism
Mención de responsabilidad, etc. / Kristen Bateman.
264 #1 - PRODUCCIÓN, PUBLICACIÓN, DISTRIBUCIÓN, FABRICACIÓN Y COPYRIGHT
Producción, publicación, distribución, fabricación y copyright London :
Nombre del de productor, editor, distribuidor, fabricante Orange Hippo!,
Fecha de producción, publicación, distribución, fabricación o copyright 2024.
300 ## - DESCRIPCIÓN FÍSICA
Extensión 160 pages :
Otras características físicas illustrations ;
Dimensiones 21 cm.
490 0# - MENCIÓN DE SERIE
Mención de serie Interior style
520 ## - SUMARIO, ETC.
Sumario, etc. The extrovert of interior design and the definition of 'more is more', maximalism is an exuberant celebration of pattern, colour and texture that deliberately clash. Its roots lie in 1930s Hollywood Regency style, Rococo and Neoclassicism, as well as Greek, Egyptian and Asian styles.<br/><br/>With a historical overview of the decor, and illustrated with examples of notable interiors and key elements of lighting, furniture, colour palette, texture and textile, the book offers practical advice on how to recreate the look in your own home.
650 #0 - PUNTO DE ACCESO ADICIONAL DE MATERIA--TÉRMINO DE MATERIA
Término de materia o nombre geográfico como elemento de entrada Interior decoration
9 (RLIN) 11802
653 ## - TÉRMINO DE INDIZACIÓN--NO CONTROLADO
Término no controlado Maximalism
942 ## - ELEMENTOS DE ENTRADA AGREGADA (KOHA)
Fuente del sistema de clasificación o colocación Clasificación de Library of Congress
Holdings
Estado de retiro Estado de pérdida Fuente del sistema de clasificación o colocación Estado dañado No para préstamo Biblioteca de origen Biblioteca actual Fecha de adquisición Total de préstamos Signatura topográfica completa Código de barras Fecha visto por última vez Número de copia Precio válido a partir de Tipo de ítem Koha
    Clasificación de Library of Congress     TBS Barcelona TBS Barcelona 27/08/2025   NK2115 BAT B06027 12/12/2025 1 27/08/2025 Book

Powered by Koha